Responses for Show #9176 - Monday, October 7, 2024

Mark Fitzpatrick game 2.

Contestants

[<< previous game]

Amanda Prusila, a communications advisor from Ottawa, Ontario, Canada

Daniel Gately, a teacher from Tucson, Arizona

Mark Fitzpatrick, a content manager from Riverside, Connecticut (whose 1-day cash winnings total $30,401)

[next game >>]

Jeopardy! Round responses

STUNTING AT THE GYM
THE MIDDLE EAST
NFL TEAM ADDRESSES
YOU'RE GONNA HAVE TO SHARE
OPERA
PLURAL-ONLY NOUNS
    $200 16
a crunch

Mark
    $200 22
the Red Sea

Daniel
    $200 5
(Ken: You just ran that category.)
[Applause]

the Packers

Mark
    $200 27
Valentine's Day

Daniel
    $200 28
Oppenheimer

Amanda
    $200 30
gymnastics

Mark
    $400 18
reps

Amanda
    $400 17
the Taurus Mountains

Daniel
    $400 4
the Chiefs

Mark
    $400 23
Ellis Island

Mark
    $400 29
Carmen

Mark
    $400 15
(Mark: What are blessings?)

thanks

MarkDaniel
    $600 19
plank

Mark
    $600 8
the Golan Heights

Mark
    $600 3
the Dolphins

Mark
    $600 26
a Venn diagram

Daniel
    $600 10
Hansel & Gretel

Amanda
    $600 12
the dregs

Triple Stumper
    $800 20
(Ken: Catfish have barbels, so these are [*].)

barbells

Triple Stumper
    $800 6
Manama

Mark
    $800 2
the Steelers

Mark
    $800 24
Dr. Jekyll & Mr. Hyde

Daniel
    $800 9
(Daniel: What is Turandot?)

La bohème

Daniel
Triple Stumper
    $800 13
(Daniel: What is a camera?)

binoculars

DanielAmanda
    $1000 21
BowFlex

Amanda
    $1000 7
Basra

Mark
    $1000 1
(Ken: Yes, in Vegas, now.)

the Raiders

Mark
    $1000 25
(Mark: What are Siamese twins?)
(Ken: Can you be more specific?)
(Mark: Uh... conjoined Siamese twins?)
(Amanda: Who are Ang and Kang?)

Chang & Eng

MarkAmanda
Triple Stumper
    $1,000 11
William Tell

Amanda
    $1000 14
alms

Mark

Scores at the first commercial break (after clue 15):

Mark Daniel Amanda
$6,000 -$1,200 $2,400

Scores at the end of the Jeopardy! Round:

Mark Daniel Amanda
$6,800 $1,000 $3,000

Double Jeopardy! Round responses

NATIONAL HISTORIC PARKS
THE FOREIGN-BORN DIRECTOR
COOKING TERMS
SPY NOVELS
LAW
DIMINISHING RETURNS
(Ken: Each successive response from top to bottom will use fewer letters in the word "returns".)
    $400 19
Ang Lee

Mark
    $400 1
(Mark: What is rotisserie?)

trussing

Mark
Triple Stumper
    $400 29
[The end-of-round signal sounds.]

Le Carré

Mark
    $400 6
[Laughter after Ken imitates the Sesame Street character when reading the clue]

a count

Mark
    $400 24
Turners

Amanda
    $800 18
Tennessee

Mark
    $800 10
del Toro

Mark
    $800 2
brining

Daniel
    $800 17
the Cardinal of the Kremlin

Triple Stumper
    $800 23
(Daniel: What... is... a conflict of interest?)

insider

Daniel
    $800 25
(Ken: Less than a minute, Amanda.)

unrest

Triple Stumper
    $1200 13
Johnson (LBJ)

Mark
    $1200 9
Luhrmann

Mark
    $1200 3
coddled

Triple Stumper
    $5,000 11
(Ken: That's right, [*] with the hat, you remembered.)

Oddjob

Mark
    $1200 20
(Amanda: What is parole?)

probation

Amanda
Triple Stumper
    $1200 26
nurse

Daniel
    $1600 12
the Ebenezer Baptist Church

Triple Stumper
    $1600 8
(Fritz) Lang

Mark
    $1600 4
(Amanda: What is alla forno?)

al forno

Amanda
Triple Stumper
    $1600 15
Hezbollah

Mark
    $1600 21
a gag order

Mark
    $1600 27
suet

Triple Stumper
    $2000 14
the Homestead Act

Mark
    $2000 7
Truffaut

Amanda
    $2000 5
(Amanda: What is a bouquet?)
(Ken: Can you be more specific?)
(Amanda: An herb bouquet?)

a bouquet garni

Amanda
Triple Stumper
    $2000 16
Ken Follett

Triple Stumper
    $2000 22
cross-examination

Daniel
    $2000 28
rue

Triple Stumper

Scores at the end of the Double Jeopardy! Round:

Mark Daniel Amanda
$23,400 $4,200 $600
(lock game)

[wagering suggestions for these scores]

Final Jeopardy! Round responses

BRAND NAMES
AmandaWhat is Chanel?
$0
DanielWhat is Currier?
$0
MarkWhat is Coco Chanel?
$3,400
Coca-Cola

Final scores:

Mark Daniel Amanda
$20,000 $4,200 $600
2-day champion: $50,401 2nd place: $3,000 3rd place: $2,000

Game dynamics:

Coryat scores:

Mark Daniel Amanda
$19,600 $5,000 $600
26 R
(including 1 DD),
3 W
9 R,
3 W
(including 1 DD)
8 R
(including 1 DD),
4 W

Combined Coryat: $25,200

[game clues] [game scores] [suggest correction]

Game tape date: 2024-06-05
The J! Archive is created by fans, for fans. Scraping, republication, monetization, and malicious use prohibited; this site may use cookies and collect identifying information. See terms. The Jeopardy! game show and all elements thereof, including but not limited to copyright and trademark thereto, are the property of Jeopardy Productions, Inc. and are protected under law. This website is not affiliated with, sponsored by, or operated by Jeopardy Productions, Inc. Join the discussion at JBoard.tv.